| 000 | 00564nam a22001937a 4500 | ||
|---|---|---|---|
| 999 |
_c159286 _d159286 |
||
| 005 | 20181212153148.0 | ||
| 010 | _aB-126723 | ||
| 020 |
_a9788120325630 _c175.00 |
||
| 035 | _aB-126723 | ||
| 037 | _bBPPD/PUB | ||
| 082 | _a005.754 | ||
| 245 |
_aInternetworking infrastructure and operations / _cNIIT |
||
| 250 | _a6th ed | ||
| 260 |
_aNew Delhi _bPrentice -Hall of India |
||
| 270 |
_aM-97, Connaught circus, _bNew Delhi _e110001 |
||
| 300 |
_aviii,198p.: _c25cm(pbk) _bill. |
||
| 500 | _aIncludes appendix | ||
| 942 |
_2ddc _cEN _h005.754 _mINT |
||